FNAF Quiz (hard) - Statistics

General Stats
  • This quiz has been taken 87 times
  • The average score is 6 of 15
Answer Stats
Hint Answer % Correct
What iconic part of Funtime Freddy missing in The Fourth Closet? Bon-Bon
66%
What name is William Afton commonly refered to as in Freddy Fazbear's Pizzeria Simulator? Scraptrap
65%
Which one of the Twisted Animatronics has been absent from the canon besides official artwork? Twisted Chica
62%
What was Golden Freddy called in FNAF 1? Yellow Bear
57%
What name was the Princess originally called in the code of Security Breach? Cassidy
55%
Who is Charlie's twin in the novels? Sammy
51%
Funtime Freddy's voice could have had what type of accent? German
49%
Which city does The Silver Eyes mainly take place in? Hurricane
46%
What is "Shadow Bonnie's" real name? RWQFSFASXC
42%
Who originally said "You will not be saved, you will not be spared!"? Nightmare
38%
What key bind is used to skip a night in FNAF 1? CD+
37%
What character has the inverted color palette of "Shadow Bonnie"? White Rabbit
29%
"Tape Girl" refers to Glitchtrap as what? The Anomaly
28%
What was the name of the AI voice heard in Sister Location when you enter various rooms? (not Hand Unit) Female Computer Voice
14%
Who voices Cassette Man? Dave Steele
9%
No matching quizzes found
Score Distribution
Percent of People with Each Score
Percentile by Number Answered
Your Score History
You have not taken this quiz